000 00502nam a2200181Ia 4500
005 20250703130150.0
008 008 250516s9999 xx 000 0 eng d
020 _a9789361316586
040 _beng
_cSDCL
041 _aeng
_2eng
084 _aS:4 R5
100 _aMukherji, Nirmalangshu
245 0 _aThe human mind through the lens of language :
_bGenerative explorations
260 _aNew Delhi :
_bBloomsbury,
_c2025.
300 _axi, 266p.
650 _aPhilosophy
942 _cTEXL
_2CC
999 _c1430023
_d1430023